| 000 | 01177nam a2200289 i 4500 | ||
|---|---|---|---|
| 003 | EG-GICUC | ||
| 005 | 20260219223120.0 | ||
| 008 | 260219s1980 ua ||||fr ||| 00| 0 ara d | ||
| 040 |
_aEG-GICUC _cEG-GICUC _dEG-GICUC _erda _bara |
||
| 041 | 0 | _aara | |
| 082 | 0 | 4 |
_221 _a341.65 _bج م . ق |
| 092 | 0 | 4 | _221 |
| 099 | _aLaw1 11 341.65 ج م . ق 1980 | ||
| 110 |
_aجمعية الهلال الأحمر لجمهورية مصر العربية _bالمركز العام _eمؤلف. |
||
| 245 | 1 | 2 |
_aالقرارات و اللوائح للجمعية و فروعها / _cجمعية الهلال الأحمر لجمهورية مصر العربية . |
| 264 | 0 |
_aمصر : _bجمعية الهلال الأحمر لجمهورية مصر العربية , _c1980 . |
|
| 300 |
_a55 صفحة ؛ _c30 سم. |
||
| 336 |
_atext _2rda content |
||
| 337 |
_aComputer _2rda media |
||
| 338 |
_aOnline Resource _2rda carrier |
||
| 546 | _aالنص باللغة العربية | ||
| 650 | 0 | 4 | _aالقانون الدولي العام |
| 650 | 0 | 4 | _aمنظمة الهلال الأحمر |
| 856 | _uhttps://fll.law.cu.edu.eg/fulltext/th/B11-07745.pdf | ||
| 905 | _a59 | ||
| 942 |
_2ddc _cBK _e21 _n0 |
||
| 999 |
_c63885 _d63885 |
||